[Event "5th EFE Metz Festival IM 2019"]
[Site "Metz"]
[Date "2019.07.27"]
[Round "8.4"]
[White "Philippe, Guillaume"]
[Black "Micottis, Dorian"]
[Result "1-0"]
[WhiteElo "2344"]
[BlackElo "2226"]
[Annotator "NA"]
[PlyCount "127"]
[EventDate "2019.07.22"]
[EventType "tourn"]
[EventCountry "FRA"]
[SourceTitle "playchess.com"]
[Source "ChessBase"]
[SourceQuality "1"]
[TimeControl "5400+30"]

1. Nf3 {[%emt 0:06:09]} Nf6 {[%emt 0:00:00]} 2. e3 {[%emt 0:00:04]} g6 {[%emt 0:00:12]} 3. b4 {[%emt 0:00:09]} Bg7 {[%emt 0:00:23]} 4. Bb2 {[%emt 0:00:05]} O-O {[%emt 0:00:25]} 5. c4 {[%emt 0:00:04]} d6 {[%emt 0:00:43]} 6. Be2 {[%emt 0:00:11]} e5 {[%emt 0:00:32]} 7. d3 {[%emt 0:00:04]} e4 {[%emt 0:01:29]} 8. dxe4 {[%emt 0:00:52]} Nxe4 {[%emt 0:00:16]} 9. Qc1 {[%emt 0:02:48]} a5 {[%emt 0:06:11]} 10. b5 {[%emt 0:00:32]} Nd7 {[%emt 0:00:44]} 11. Nbd2 {[%emt 0:01:08]} Ndc5 {[%emt 0:02:15]} 12. Nxe4 {[%emt 0:00:24]} Nxe4 {[%emt 0:00:17]} 13. O-O {[%emt 0:00:20]} Re8 {[%emt 0:02:20]} 14. Rd1 {[%emt 0:02:40]} Bd7 {[%emt 0:08:47]} 15. Bxg7 {[%emt 0:04:10]} Kxg7 {[%emt 0:00:09]} 16. Qb2+ {[%emt 0:00:23]} Qf6 {[%emt 0:03:13]} 17. Qxf6+ {[%emt 0:01:02]} Kxf6 {[%emt 0:00:08]} 18. Rac1 {[%emt 0:00:13]} b6 {[%emt 0:04:27]} 19. Nd4 {[%emt 0:00:17]} Rac8 {[%emt 0:05:22]} 20. Bf3 {[%emt 0:02:59]} Nc5 {[%emt 0:00:52]} 21. Nb3 {[%emt 0:02:07]} Nxb3 {[%emt 0:05:12]} 22. axb3 {[%emt 0:00:04]} Bf5 {[%emt 0:00:53]} 23. Rd4 {[%emt 0:00:42]} Re5 {[%emt 0:05:19]} 24. Bc6 {[%emt 0:07:04]} Rd8 {[%emt 0:10:36]} 25. e4 {[%emt 0:10:45]} Bd7 {[%emt 0:07:20]} 26. Bd5 {[%emt 0:00:13]} Ree8 {[%emt 0:02:26]} 27. f4 {[%emt 0:02:26]} Kg7 {[%emt 0:03:44]} 28. Re1 {[%emt 0:05:59]} f6 {[%emt 0:00:52]} 29. Kf2 {[%emt 0:00:15]} Be6 {[%emt 0:01:42]} 30. Kf3 {[%emt 0:03:33]} Re7 {[%emt 0:02:42]} 31. g4 {[%emt 0:04:57]} g5 {[%emt 0:01:01]} 32. f5 {[%emt 0:01:51]} Bxd5 {[%emt 0:05:51]} 33. cxd5 {[%emt 0:00:11]} h6 {[%emt 0:01:51]} 34. Rc4 {[%emt 0:00:18]} Rdd7 {[%emt 0:00:16]} 35. b4 {[%emt 0:00:32]} axb4 {[%emt 0:00:29]} 36. Rxb4 {[%emt 0:00:09]} Re8 {[%emt 0:00:28]} 37. Ra1 {[%emt 0:00:10]} Rf7 {[%emt 0:01:16]} 38. Rc4 {[%emt 0:01:40]} Ree7 {[%emt 0:00:18]} 39. Rc6 {[%emt 0:00:49]} Rd7 {[%emt 0:00:28]} 40. Ra7 {[%emt 0:00:05]} Rde7 {[%emt 0:00:15]} 41. Rb7 {[%emt 0:00:18]} Rd7 {[%emt 0:00:11]} 42. Rc4 {[%emt 0:00:14]} Rde7 {[%emt 0:00:10]} 43. Ra4 {[%emt 0:00:27]} Rf8 {[%emt 0:00:45]} 44. Raa7 {[%emt 0:00:13]} Rff7 {[%emt 0:00:03]} 45. Rb8 {[%emt 0:00:31]} h5 {[%emt 0:15:09]} 46. gxh5 {[%emt 0:00:19]} Kh6 {[%emt 0:00:04]} 47. Raa8 {[%emt 0:03:52]} Rh7 {[%emt 0:01:09]} 48. Rf8 {[%emt 0:01:55]} Ref7 {[%emt 0:00:20]} 49. Rxf7 {[%emt 0:00:44]} Rxf7 {[%emt 0:00:05]} 50. Rg8 {[%emt 0:00:05]} Kh7 {[%emt 0:00:44]} 51. Rg6 {[%emt 0:00:31]} Rf8 {[%emt 0:00:21]} 52. Kg4 {[%emt 0:00:33]} Rf7 {[%emt 0:00:46]} 53. h4 {[%emt 0:00:39]} gxh4 {[%emt 0:00:10]} 54. Kxh4 {[%emt 0:00:04]} Rf8 {[%emt 0:00:15]} 55. h6 {[%emt 0:00:10]} Rf7 {[%emt 0:00:03]} 56. Kh5 {[%emt 0:00:31]} Kh8 {[%emt 0:00:23]} 57. Rg1 {[%emt 0:00:20]} Kh7 {[%emt 0:01:42]} 58. Ra1 {[%emt 0:00:13]} Re7 {[%emt 0:02:00]} 59. Ra7 {[%emt 0:00:10]} Rxe4 {[%emt 0:00:33]} 60. Rxc7+ {[%emt 0:00:06]} Kg8 {[%emt 0:00:29]} 61. Kg6 {[%emt 0:00:16]} Rg4+ {[%emt 0:00:06]} 62. Kxf6 {[%emt 0:00:06]} Rb4 {[%emt 0:00:09]} 63. Rb7 {[%emt 0:00:44]} Rh4 {[%emt 0:00:37]} 64. Ke6 {[%emt 0:00:42]} 1-0

[Event "5th EFE Metz Festival IM 2019"]
[Site "Metz"]
[Date "2019.07.27"]
[Round "8.5"]
[White "Kurayan, Ruslan"]
[Black "Villegas, Pierre"]
[Result "1/2-1/2"]
[WhiteElo "2376"]
[BlackElo "2349"]
[Annotator "NA"]
[PlyCount "74"]
[EventDate "2019.07.22"]
[EventType "tourn"]
[EventCountry "FRA"]
[SourceTitle "playchess.com"]
[Source "ChessBase"]
[SourceQuality "1"]
[TimeControl "5400+30"]

1. e4 {[%emt 0:04:23]} c6 {[%emt 0:00:00]} 2. d4 {[%emt 0:00:06]} d5 {[%emt 0:00:00]} 3. exd5 {[%emt 0:00:04]} cxd5 {[%emt 0:00:00]} 4. c4 {[%emt 0:00:04]} Nf6 {[%emt 0:00:00]} 5. Nc3 {[%emt 0:00:04]} Nc6 {[%emt 0:00:13]} 6. cxd5 {[%emt 0:00:06]} Nxd5 {[%emt 0:00:31]} 7. Nf3 {[%emt 0:00:08]} e6 {[%emt 0:05:33]} 8. Bd3 {[%emt 0:06:31]} Be7 {[%emt 0:01:00]} 9. O-O {[%emt 0:00:43]} O-O {[%emt 0:00:17]} 10. Re1 {[%emt 0:03:02]} Nf6 {[%emt 0:05:41]} 11. Bg5 {[%emt 0:13:23]} b6 {[%emt 0:02:40]} 12. a3 {[%emt 0:05:41]} Bb7 {[%emt 0:01:30]} 13. Bc2 {[%emt 0:00:57]} Rc8 {[%emt 0:03:15]} 14. Qd3 {[%emt 0:05:27]} g6 {[%emt 0:00:42]} 15. Bh6 {[%emt 0:11:23]} Re8 {[%emt 0:05:19]} 16. Rad1 {[%emt 0:01:26]} Qd6 {[%emt 0:20:02]} 17. Bb1 {[%emt 0:08:34]} Red8 {[%emt 0:05:49]} 18. Ba2 {[%emt 0:07:46]} Ng4 {[%emt 0:08:40]} 19. Bc1 {[%emt 0:01:22]} Qb8 {[%emt 0:02:58]} 20. d5 {[%emt 0:05:25]} Bc5 {[%emt 0:04:05]} 21. Ne4 {[%emt 0:04:27]} Nce5 {[%emt 0:03:07]} 22. Nxe5 {[%emt 0:00:45]} Qxe5 {[%emt 0:00:29]} 23. Qg3 {[%emt 0:10:51]} Qxg3 {[%emt 0:03:12]} 24. hxg3 {[%emt 0:00:06]} Bxd5 {[%emt 0:07:29]} 25. Bxd5 {[%emt 0:00:05]} Rxd5 {[%emt 0:02:00]} 26. Rxd5 {[%emt 0:00:06]} exd5 {[%emt 0:00:03]} 27. Nxc5 {[%emt 0:00:07]} Rxc5 {[%emt 0:05:59]} 28. f3 {[%emt 0:07:32]} Ne5 {[%emt 0:03:50]} 29. Bg5 {[%emt 0:02:16]} Nd7 {[%emt 0:02:59]} 30. Re7 {[%emt 0:00:51]} f6 {[%emt 0:02:56]} 31. Bh6 {[%emt 0:01:04]} Ne5 {[%emt 0:01:16]} 32. Rxa7 {[%emt 0:00:30]} g5 {[%emt 0:01:39]} 33. Rg7+ {[%emt 0:00:31]} Kh8 {[%emt 0:00:04]} 34. Rb7 {[%emt 0:00:33]} Kg8 {[%emt 0:00:02]} 35. Rg7+ {[%emt 0:00:31]} Kh8 {[%emt 0:00:00]} 36. Re7 {[%emt 0:00:26]} Kg8 {[%emt 0:00:19]} 37. Rg7+ {[%emt 0:00:34]} Kh8 1/2-1/2

[Event "5th EFE Metz Festival IM 2019"]
[Site "Metz"]
[Date "2019.07.28"]
[Round "9.1"]
[White "Micottis, Dorian"]
[Black "Kurayan, Ruslan"]
[Result "1/2-1/2"]
[WhiteElo "2226"]
[BlackElo "2376"]
[Annotator "TA"]
[PlyCount "87"]
[EventDate "2019.07.22"]
[EventType "tourn"]
[EventCountry "FRA"]
[SourceTitle "playchess.com"]
[Source "ChessBase"]
[SourceQuality "1"]

{[%evp 27,87,40,29,31,56,35,33,44,53,44,56,47,50,47,50,45,77,89,77,13,91,19,19,17,18,0,58,18,60,41,81,89,141,0,0,0,81,72,279,257,279,278,257,0,266,252,539,0,0,0,434,0,0,0,471,264,29999,941,988,660,894,841]} 1. e4 c5 2. Nf3 d6 3. d4 Nf6 4. Nc3 cxd4 5. Nxd4 g6 6. Be3 Bg7 7. f3 O-O 8. Qd2 Nc6 9. Bc4 Bd7 10. O-O-O Rb8 11. Bb3 Na5 12. h4 b5 13. h5 Nc4 14. Bxc4 bxc4 15. Kb1 {B78: Sicilian Dragon: Yugoslav Attack, 9 Bc4 Bd7 10 0-0-0 Rc8} (15. hxg6 fxg6 16. Bh6 Qb6 17. b3 Bxh6 18. Qxh6 Qa5 19. Kb2 Rfc8 20. Nd5 cxb3 21. axb3 Kf7 22. Qd2 Qxd2 23. Rxd2 {½-½ (46) Fedoseev,V (2724)-Nakamura,H (2787) Moscow 2018}) 15... Qb6 {[%csl Gb8][%cal Rb6b2]} 16. b3 {aiming for Nf5.} Qb4 ({Wrong is} 16... Nxh5 $2 17. Nf5 $18) 17. Bg5 $1 {White is slightly better.} Rfc8 {Hoping for ...cxb3.} 18. Bxf6 $1 {[#]} Bxf6 $146 ({Predecessor:} 18... exf6 19. Nd5 Qxd2 20. Rxd2 Kf8 21. h6 Bh8 22. g4 a5 {0-1 (56) Draskovic,L (2444)-Djukic,N (2562) Bar 2018}) 19. Nd5 Qxd2 20. Rxd2 Bg5 21. f4 e6 22. fxg5 exd5 23. exd5 ({White should play} 23. hxg6 $1 $16 fxg6 24. exd5) 23... Rc5 (23... gxh5 $11 24. Ne2 (24. Rxh5 Rc5 $11) 24... Bf5) 24. Nc6 (24. hxg6 $1 $16 fxg6 25. Ne6 Bxe6 26. dxe6) 24... Bxc6 $11 25. dxc6 Rxc6 {[%mdl 4096] Endgame KRR-KRR} 26. h6 c3 (26... Rb5 $11) 27. Rd3 Re8 28. a4 Rc5 29. Rxd6 Rxg5 (29... a5 $142) 30. Rc6 ({Better is} 30. Ra6 $1 $16) 30... Rxg2 31. Rxc3 f5 (31... Kf8 $11 {remains equal.}) 32. Rc7 $16 Rf8 $2 (32... a5 $16 {is a better defense.}) 33. Rxa7 $18 f4 {intending ...f3.} 34. Rd1 Rh2 35. Rg7+ Kh8 {[#]} 36. Rf7 $1 {[%cal Rf7f8][%mdl 512]} Kg8 $2 {[#]} (36... Ra8 {keeps fighting.} 37. Rxf4 Rxh6) (36... Rxf7 37. Rd8+) 37. Rg7+ $2 (37. Rxf8+ $1 $18 Kxf8 38. b4) 37... Kh8 $11 {[#]} 38. Rf7 $1 {[%mdl 8704]} Kg8 $18 {[#]} (38... Rxf7 39. Rd8+) 39. Rg7+ $2 ({Only move:} 39. Rxf8+ $1 $18 Kxf8 40. b4) 39... Kh8 $11 {[#]} 40. Rf7 $1 {[%cal Rf7f8][%mdl 512]} Rc8 $2 {[%mdl 8192]} (40... Kg8 $11 41. Rxf8+ Kxf8) (40... Rxf7 41. Rd8+) 41. Rxf4 (41. a5 $142) 41... Rf8 $2 (41... Rxh6 $18 42. a5 g5) 42. Rf7 (42. Rxf8# $142) 42... Kg8 43. Rxf8+ Kxf8 44. a5 {[%mdl 32768] Accuracy: White = 50%, Black = 21%. . An unexpected result.} 1/2-1/2

[Event "5th EFE Metz Festival IM 2019"]
[Site "Metz"]
[Date "2019.07.28"]
[Round "9.3"]
[White "Villegas, Pierre"]
[Black "Ravi, Teja S."]
[Result "1/2-1/2"]
[WhiteElo "2349"]
[BlackElo "2410"]
[Annotator "NA"]
[PlyCount "55"]
[EventDate "2019.07.22"]
[EventType "tourn"]
[EventCountry "FRA"]
[SourceTitle "playchess.com"]
[Source "ChessBase"]
[SourceQuality "1"]
[TimeControl "5400+30"]

1. d4 {[%emt 0:00:00]} d5 {[%emt 0:00:00]} 2. c4 {[%emt 0:00:00]} c6 {[%emt 0:00:04]} 3. Nf3 {[%emt 0:00:00]} Nf6 {[%emt 0:00:06]} 4. Qc2 {[%emt 0:00:14]} dxc4 {[%emt 0:01:20]} 5. e4 {[%emt 0:00:17]} b5 {[%emt 0:00:09]} 6. b3 {[%emt 0:00:17]} cxb3 {[%emt 0:00:21]} 7. axb3 {[%emt 0:00:05]} e6 {[%emt 0:00:11]} 8. Bd2 {[%emt 0:00:33]} a5 {[%emt 0:00:04]} 9. Bd3 {[%emt 0:00:24]} Bb7 {[%emt 0:02:41]} 10. O-O {[%emt 0:00:42]} Be7 {[%emt 0:00:16]} 11. Rc1 {[%emt 0:00:36]} h6 {[%emt 0:01:40]} 12. Qd1 {[%emt 0:01:07]} b4 {[%emt 0:05:59]} 13. Qe2 {[%emt 0:00:55]} Ba6 {[%emt 0:00:52]} 14. Bxa6 {[%emt 0:09:20]} Rxa6 {[%emt 0:00:12]} 15. Bf4 {[%emt 0:00:11]} Ra8 {[%emt 0:03:01]} 16. Bxb8 {[%emt 0:02:54]} Qxb8 {[%emt 0:01:52]} 17. Rxc6 {[%emt 0:00:32]} O-O {[%emt 0:01:02]} 18. Nbd2 {[%emt 0:01:18]} Qb7 {[%emt 0:08:10]} 19. Qc4 {[%emt 0:18:03]} Rfc8 {[%emt 0:02:48]} 20. Ne5 {[%emt 0:02:00]} Nd7 {[%emt 0:20:37]} 21. Rc1 {[%emt 0:27:51]} Rxc6 {[%emt 0:01:23]} 22. Nxc6 {[%emt 0:00:29]} Bg5 {[%emt 0:02:18]} 23. Rc2 {[%emt 0:01:49]} Nf6 {[%emt 0:00:13]} 24. f3 {[%emt 0:03:33]} Qa6 {[%emt 0:04:40]} 25. Nf1 {[%emt 0:08:03]} Nd7 {[%emt 0:03:29]} 26. g3 {[%emt 0:05:59]} Qb6 {[%emt 0:02:57]} 27. f4 {[%emt 0:02:34]} Bd8 {[%emt 0:00:25]} 28. Nd2 {[%emt 0:01:32]} 1/2-1/2

[Event "5th EFE Metz Festival IM 2019"]
[Site "Metz"]
[Date "2019.07.28"]
[Round "9.4"]
[White "Mouhamad, Joachin"]
[Black "Maurizzi, Marc Andria"]
[Result "1/2-1/2"]
[WhiteElo "2302"]
[BlackElo "2412"]
[Annotator "NA"]
[PlyCount "75"]
[EventDate "2019.07.22"]
[EventType "tourn"]
[EventCountry "FRA"]
[SourceTitle "playchess.com"]
[Source "ChessBase"]
[SourceQuality "1"]
[TimeControl "5400+30"]

1. e4 {[%emt 0:09:00]} e6 {[%emt 0:00:41]} 2. d4 {[%emt 0:00:08]} d5 {[%emt 0:00:02]} 3. Nc3 {[%emt 0:00:07]} Nf6 {[%emt 0:00:04]} 4. e5 {[%emt 0:00:05]} Nfd7 {[%emt 0:00:03]} 5. f4 {[%emt 0:00:05]} c5 6. Nf3 {[%emt 0:00:12]} Nc6 {[%emt 0:00:06]} 7. Be3 {[%emt 0:00:10]} Be7 {[%emt 0:00:06]} 8. Qd2 {[%emt 0:00:08]} O-O {[%emt 0:00:05]} 9. dxc5 {[%emt 0:00:22]} Qa5 {[%emt 0:00:12]} 10. O-O-O {[%emt 0:00:43]} b6 {[%emt 0:00:03]} 11. Bb5 {[%emt 0:00:16]} Nb4 {[%emt 0:00:07]} 12. a3 {[%emt 0:00:13]} bxc5 {[%emt 0:00:15]} 13. Kb1 {[%emt 0:00:07]} Nb6 {[%emt 0:08:25]} 14. axb4 {[%emt 0:33:53]} cxb4 {[%emt 0:00:10]} 15. Nd4 {[%emt 0:12:20]} bxc3 {[%emt 0:02:42]} 16. Qxc3 {[%emt 0:01:15]} Qxc3 {[%emt 0:01:03]} 17. bxc3 {[%emt 0:00:05]} Bd7 {[%emt 0:09:19]} 18. Bxd7 {[%emt 0:03:59]} Nxd7 {[%emt 0:00:03]} 19. Nc6 {[%emt 0:08:00]} Ba3 {[%emt 0:06:04]} 20. c4 {[%emt 0:03:16]} Rfc8 {[%emt 0:00:32]} 21. cxd5 {[%emt 0:00:17]} exd5 {[%emt 0:00:02]} 22. Na5 {[%emt 0:00:24]} Rab8+ {[%emt 0:04:19]} 23. Nb3 {[%emt 0:02:16]} a5 {[%emt 0:00:43]} 24. Rxd5 {[%emt 0:05:31]} a4 {[%emt 0:00:51]} 25. Rxd7 {[%emt 0:00:27]} axb3 {[%emt 0:00:27]} 26. c4 {[%emt 0:00:32]} Rxc4 {[%emt 0:00:45]} 27. Rhd1 {[%emt 0:01:16]} h6 {[%emt 0:10:02]} 28. Rd8+ {[%emt 0:01:14]} Rxd8 {[%emt 0:00:01]} 29. Rxd8+ {[%emt 0:00:07]} Kh7 {[%emt 0:00:01]} 30. Rd3 {[%emt 0:00:55]} Bc5 {[%emt 0:01:11]} 31. Bxc5 {[%emt 0:05:15]} Rxc5 {[%emt 0:00:04]} 32. Rxb3 g5 {[%emt 0:01:54]} 33. Rb7 {[%emt 0:05:15]} Kg6 {[%emt 0:01:09]} 34. Rb6+ {[%emt 0:00:17]} Kg7 {[%emt 0:00:13]} 35. fxg5 {[%emt 0:00:38]} hxg5 {[%emt 0:00:04]} 36. e6 {[%emt 0:00:11]} f5 {[%emt 0:03:11]} 37. e7 {[%emt 0:05:00]} Re5 {[%emt 0:00:49]} 38. Kc2 {[%emt 0:00:27]} 1/2-1/2

[Event "5th EFE Metz Festival IM 2019"]
[Site "Metz"]
[Date "2019.07.28"]
[Round "9.5"]
[White "Harutyunyan, Ruben"]
[Black "Delorme, Alban"]
[Result "1/2-1/2"]
[WhiteElo "2326"]
[BlackElo "2327"]
[Annotator "NA"]
[PlyCount "66"]
[EventDate "2019.07.22"]
[EventType "tourn"]
[EventCountry "FRA"]
[SourceTitle "playchess.com"]
[Source "ChessBase"]
[SourceQuality "1"]
[TimeControl "5400+30"]

1. Nf3 {[%emt 0:11:29]} Nf6 {[%emt 0:35:28]} 2. g3 {[%emt 0:00:00]} c5 {[%emt 0:00:15]} 3. Bg2 {[%emt 0:00:00]} g6 {[%emt 0:03:57]} 4. O-O {[%emt 0:00:00]} Bg7 {[%emt 0:00:06]} 5. d3 {[%emt 0:00:00]} O-O {[%emt 0:01:38]} 6. e4 {[%emt 0:00:08]} Nc6 {[%emt 0:00:56]} 7. Re1 {[%emt 0:00:11]} d6 {[%emt 0:06:02]} 8. c3 {[%emt 0:00:24]} e5 {[%emt 0:02:10]} 9. Nbd2 {[%emt 0:05:29]} h6 {[%emt 0:02:57]} 10. a3 {[%emt 0:05:34]} a5 {[%emt 0:01:53]} 11. a4 {[%emt 0:01:37]} Be6 {[%emt 0:00:08]} 12. Nf1 {[%emt 0:07:19]} Qd7 {[%emt 0:03:32]} 13. Ne3 {[%emt 0:01:41]} Kh7 {[%emt 0:05:33]} 14. Nd2 {[%emt 0:03:26]} Rae8 {[%emt 0:03:57]} 15. Ndc4 {[%emt 0:10:54]} Ng4 {[%emt 0:04:09]} 16. Nxg4 {[%emt 0:16:50]} Bxg4 {[%emt 0:00:09]} 17. Nb6 {[%emt 0:00:08]} Qe6 {[%emt 0:01:02]} 18. f3 {[%emt 0:01:23]} Bh3 {[%emt 0:00:06]} 19. Nd5 {[%emt 0:00:30]} Rd8 {[%emt 0:02:04]} 20. Qb3 {[%emt 0:12:51]} Rd7 {[%emt 0:00:26]} 21. Qc4 {[%emt 0:01:31]} Bxg2 {[%emt 0:00:54]} 22. Kxg2 {[%emt 0:00:03]} f5 {[%emt 0:02:07]} 23. Nb6 {[%emt 0:01:31]} Qxc4 {[%emt 0:00:04]} 24. Nxc4 {[%emt 0:00:47]} f4 {[%emt 0:03:25]} 25. Nb6 {[%emt 0:01:20]} Rdd8 {[%emt 0:00:55]} 26. g4 {[%emt 0:00:11]} Ne7 {[%emt 0:00:12]} 27. Nd5 {[%emt 0:02:03]} Nxd5 {[%emt 0:02:59]} 28. exd5 {[%emt 0:00:05]} g5 {[%emt 0:01:24]} 29. Ra3 {[%emt 0:00:51]} Rd7 {[%emt 0:00:11]} 30. Rb3 {[%emt 0:01:43]} Bf6 {[%emt 0:00:01]} 31. Bd2 {[%emt 0:00:40]} Kg6 {[%emt 0:00:38]} 32. h3 {[%emt 0:03:42]} h5 {[%emt 0:00:22]} 33. c4 {[%emt 0:02:59]} Bd8 {[%emt 0:00:41]} 1/2-1/2